00683nam a2200205Mc 450000500170000000800410001702000180005803500210007604000500009704100130014706000110016010000230017124501070019426000360030130000180033749000410035565000200039665000400041665000210045620180601164028.0160425s2013 sp 000 0 spa d a9788424936785 a(OCoLC)864284775 aCO-BoUCMbspacSandra PalaciodSandra Palacio1 aspahfre aWM 4601 aMalengreau, Pierre13aLa práctica psicoanalítica y su orientacióncPierre Malengreau ; traducción de Enric Berenguer aMadrid (España)bGredosc2013 a280 páginas0 aEscuela Lacaniana de Psicoanálisis 7aPsicoanálisis 7aRepresentación (Psicoanálisis)  7aPsicoanálisis